Statistics for European Cities and their Countries

Click here to take the quiz!

General Stats

  • This quiz has been taken 1,928 times
  • The average score is 8 of 15

Answer Stats

Hint Answer % Correct
LeedsUK
98%
BergenNorway
83%
GalwayRepublic of Ireland
76%
LausanneSwitzerland
73%
SmolenskRussia
72%
LinzAustria
72%
WormsGermany
57%
GironaSpain
55%
Clug-NapocaRomania
51%
MostarBosnia
45%
ValjevoSerbia
41%
TartuEstonia
33%
ZnojmoCzech Republic
27%
BitolaMacedonia
22%
BenderMoldova
12%

Score Distribution

Percentile by Number Answered

Percent of People with Each Score

Your Score History

You have not taken this quiz